| Поле | Инд. | ПП | Название | Значение |
|---|---|---|---|---|
| Тип записи | a | |||
| Библиографический уровень | m | |||
| 001 | Контрольный номер | c8e52babfe4a4581be791290a641a1d2 | ||
| 005 | Дата корректировки | 20250825160846.9 | ||
| 008 | Кодируемые данные | 071016 | ||
| 020 | a | ISBN | 0-8014-7352-7 | |
| a | ISBN | 978-0-8014-7352-4 | ||
| c | Цена, тираж | 652.42 | ||
| 040 | a | Служба первич. каталог. | НБ ТвГУ | |
| 041 | 0_ | a | Код языка текста | eng |
| 080 | a | Индекс УДК | 316(470) | |
| 084 | a | Индекс другой классификации/Индекс ББК | С59(2Рос) | |
| 090 | x | Авторский знак | L46 | |
| a | Полочн. индекс | С59(2Рос) | ||
| 100 | 1_ | a | Автор | Ledeneva Alena V. |
| 245 | 10 | a | Заглавие | How Russia really works |
| b | Продолж. заглавия | the informal practices that shaped post-soviet politics and business | ||
| c | Ответственность | Alena V. Ledeneva | ||
| 260 | 0_ | a | Место издания | Ithaca (N.Y.) |
| a | Место издания | London | ||
| b | Издательство | Cornell univ. press | ||
| c | Дата издания | 2006 | ||
| 300 | a | Объем | XII, 270 S. | |
| b | Иллюстрации/ тип воспроизводства | ill. | ||
| 440 | _0 | a | Серия | Culture and society after socialism |
| 500 | a | Примечание | НАСТОЯЩИЙ МАТЕРИАЛ (ИНФОРМАЦИЯ) ПРОИЗВЕДЕН, РАСПРОСТРАНЕН И (ИЛИ) НАПРАВЛЕН ИНОСТРАННЫМ АГЕНТОМ, ЯВЛЯЮЩИМСЯ УЧРЕДИТЕЛЕМ (ЧЛЕНОМ, УЧАСТНИКОМ, РУКОВОДИТЕЛЕМ ИЛИ ЛИЦОМ, ВХОДЯЩИМ В СОСТАВ ОРГАНА ЛИЦ УКАЗАНЫХ В ЧАСТИ 4 СТАТЬИ 9 ФЕДЕРАЛЬНОГО ЗАКОНА «О КОНТРОЛЕ ЗА ДЕЯТЕЛЬНОСТЬЮ ЛИЦ, НАХОДЯЩИХСЯ ПОД ИНОСТРАННЫМ ВЛИЯНИЕМ») ВКЛЮЧЕННОГО В РЕЕСТР ИНОСТРАННЫХ АГЕНТОВ | |
| 504 | a | Библиография | Bibliogr.: p. 241-261. - Ind.: p. 241-261. | |
| 583 | a | Действие | Получение впервые 270 26.10.2007 | |
| k | Исполнитель действия | Дар Оксфордско-Российского Фонда | ||
| 650 | 04 | a | Основная рубрика | Российская Федерация |
| x | Основная подрубрика | Социология | ||
| x | Основная подрубрика | Политика | ||
| x | Основная подрубрика | Экономика | ||
| x | Основная подрубрика | Средства массовой информации | ||
| x | Основная подрубрика | PR-технологии | ||
| y | Хронологическая подрубрика | 1991-1999 гг. | ||
| 653 | 0_ | a | Ключевые слова | Постсоветская Россия |
| a | Ключевые слова | Реформы в России | ||
| a | Ключевые слова | Социальное развитие России | ||
| a | Ключевые слова | Политика России | ||
| a | Ключевые слова | Экономика России | ||
| a | Ключевые слова | Средства массовой информации | ||
| a | Ключевые слова | Оксфордско-Российский фонд | ||
| 852 | 41 | t | Порядковый номер экземпляра | 1 |
| p | Инвентарный номер | 887128 | ||
| 863 | t | 00176796 | ||
| 888 | a | Бесплатные | ||
| 930 | a | Новая/Ретро | иностр | |
| a | Новая/Ретро | англ | ||
| 952 | p | 270.2007 652.42 1 887128 | ||
| c | Вид литературы | К ин | ||
| 954 | a | Дата поступления на обработку | 20071228 | |
| 999 | a | Подразделение 2 | ч.з. |